000 01031nam a22003017a 4500
001 8364
003 FISKH
005 20250910093039.0
008 250910b cb ||||| |||| 00| 0 eng d
020 _a9780439857062
040 _aFISKH
_beng
_cFISKH
_dFISKH
050 _aPZ8.A775 C
082 _a900
100 _aAshman, Linda
245 _aCastle, caves, and honeycombs /
_cLinda Ashman ; Illustrated by Lauren Stringer
250 _aThis edition first published in 2001
260 _aNew York :
_bScholastic,
_c2001
300 _a24 unnumbered pages :
_bcolor illustration ;
_c22 cm
505 _aG
520 _aDescribes some of the unique places where animals build their homes such as in a heap of twigs, on a castle tower, in a cave, or in the hollow space inside a tree.
521 8 _a300
_bLexile
521 8 _aG
_bRaz-Plus
650 _2Houses and homes
_aAnimal homes
650 _2Habitats
_aTravel and places
700 _aStringer, Lauren
_dillustrator
942 _2ddc
_cBK
_n0
999 _c8364
_d8364